champions vin is allowed to play - Statistics

General Stats
  • This quiz has been taken 2 times
  • The average score is 7 of 24
Answer Stats
Answer % Correct
Jinx
100%
Aatrox
50%
Ahri
50%
Aphelios
50%
Azir
50%
Gwen
50%
Kassadin
50%
Kayn
50%
K'Sante
50%
Pyke
50%
Samira
50%
Sion
50%
Yone
50%
Akali
0%
Irelia
0%
Kai'Sa
0%
Leblanc
0%
Lee Sin
0%
Nilah
0%
Pantheon
0%
Renekton
0%
Sylas
0%
Varus
0%
Viego
0%
No matching quizzes found
Score Distribution
Percent of People with Each Score
Percentile by Number Answered
Your Score History
You have not taken this quiz